000 00305nam a22001217a 4500
008 181024b xxu||||| |||| 00| 0 eng d
041 _aeng
080 _211th
_a530
100 _a43
101 _aFIZ
245 _aMathematical Tables from Handbook of Chemistry & Physics
_cHodgman,Ch.D
942 _2udc
_cBK
999 _c50859
_d50859